| 000 | 00889cam a2200277 a 4500 | ||
|---|---|---|---|
| 005 | 20260322212026.0 | ||
| 008 | data | ||
| 010 | _a 2004275206 | ||
| 020 | _a0316880655 (pbk.) | ||
| 020 | _a9780316880657 (pbk.) | ||
| 040 |
_aDLC _cDLC _dDLC |
||
| 050 | 0 | 0 |
_aBF698.9.O3 _bT54 2001 |
| 082 | 0 | 0 |
_a155.2/64 _222 |
| 092 | _a155.2 T54 2001 | ||
| 100 | 1 | _aTieger, Paul D. | |
| 245 | 1 | 0 |
_aDo what you are : _bdiscover the perfect career for you through the secrets of personality type / _cPaul D. Tieger & Barbara Barron-Tieger. |
| 250 | _a3rd ed. | ||
| 260 |
_aBoston : _bLittle, Brown, _cc2001 |
||
| 300 |
_axviii, 386 p. : _bill. ; _c24 cm. |
||
| 504 | _aIncludes bibliographical references (p. 376-379) and index. | ||
| 650 | 0 | _aPersonality and occupation. | |
| 650 | 0 | _aMyers-Briggs Type Indicator. | |
| 650 | 0 | _aVocational guidance. | |
| 700 | 1 | _aBarron-Tieger, Barbara. | |
| 001 | data | ||
| 999 |
_c581 _d581 |
||